[Event "A fairly brisk Knock Out"]
[Site "SchemingMind.com"]
[Date "2011.11.08"]
[Round "-"]
[White "Clive Everill"]
[Black "The Capitalist"]
[Result "1-0"]
[WhiteCountry "CZE"]
[BlackCountry "USA"]
[WhiteElo "1785"]
[WhiteRD "52"]
[BlackElo "1423"]
[BlackRD "73"]
[GameID "296501"]

1. e4 c6 2. d4 d5 3. Nc3 dxe4 4. Nxe4 Bf5 5. Nc5 b6 6. Nb3 e6 7. Nf3 Nf6 8. g3 Nbd7 9. Bg2 Rc8 10. O-O Bd6
11. Qe2 O-O 12. c4 c5 13. Bg5 h6 14. Bd2 g5 15. dxc5 Nxc5 16. Nxc5 Rxc5 17. Rfd1 Qc7 18. b3 Ne4 19. Bb4 Rc6 20. Be1 a5
21. Nd4 Rc5 22. Qh5 Kh7 23. Bxe4 Bxe4 24. Bd2 Bg6 25. Qf3 Be5 26. Nxe6 fxe6 27. Qxf8 Bxa1 28. Rxa1 Rf5 29. Qa8 Qc5 30. Be3 Qd6
31. Qg2 Re5 32. Re1 Qb4 33. Rc1 Qf8 34. Qb7+ Qf7 35. Qxb6 Be4 36. f4 gxf4 37. Bxf4 Rh5 38. Qd4 Qf5 39. Qd7+ Kg6 40. Qe8+ Qf7
41. Qxf7+ Kxf7 42. Rd1 e5 43. Be3 Bf3 44. Rd7+ Ke6 45. Rh7 Be4 46. Rxh6+ Rxh6 47. Bxh6 Bb1 48. a3 Bc2 49. b4 axb4 50. axb4 Kf5
51. c5 Ke6 52. Kf2 Ba4 53. Ke3 Kd5 54. Bf8 Bc6 55. h4 Be8 56. g4 e4 57. h5 Bf7 58. h6 Bg6 59. b5 Bh7 60. c6 Bg8
61. c7 Be6 62. h7 Bxg4 63. h8=Q
1-0

[Event "A fairly brisk Knock Out"]
[Site "SchemingMind.com"]
[Date "2011.11.07"]
[Round "-"]
[White "The Capitalist"]
[Black "Clive Everill"]
[Result "0-1"]
[WhiteCountry "USA"]
[BlackCountry "CZE"]
[WhiteElo "1423"]
[WhiteRD "73"]
[BlackElo "1785"]
[BlackRD "52"]
[GameID "296511"]

1. e4 c5 2. Nf3 a6 3. c3 e6 4. d4 d5 5. e5 Bd7 6. Bd3 Bb5 7. Bxb5+ axb5 8. dxc5 Bxc5 9. b4 Bb6 10. Na3 Qd7
11. Qe2 Qc6 12. Bd2 Rxa3 13. O-O Ne7 14. Nd4 Bxd4 15. cxd4 O-O 16. Rfc1 Qb6 17. Rc3 Rxc3 18. Bxc3 Nbc6 19. g4 Ng6 20. Qf3 Ra8
21. Qe3 Ra3 22. Qc1 Qa6 23. Bb2 Rxa2 24. Rxa2 Qxa2 25. Qa1 Qc4 26. Qa8+ Nf8 27. Qxb7 Nxd4 28. Bxd4 Qxd4 29. Qxb5 Qxe5 30. Qc5 g6
31. b5 Kg7 32. b6 Nd7 33. Qc6 Nb8 34. Qa8 d4 35. Qa1 Qd5 36. Qa7 Qd8 37. Qc7 Qh4 38. Qxb8 Qxg4+ 39. Qg3 Qd1+ 40. Kg2 Qa4
41. b7 Qc6+ 42. f3 Qxb7 43. Qe5+ Kg8 44. Qxd4 Qd5 45. Qb4 Qg5+ 46. Kf2 e5 47. Qb8+ Kg7 48. Qb2 Qf4 49. h3 Qh2+
0-1

[Event "A fairly brisk Knock Out"]
[Site "SchemingMind.com"]
[Date "2011.11.11"]
[Round "-"]
[White "mmccaffe"]
[Black "maro"]
[Result "1-0"]
[WhiteCountry "USA"]
[BlackCountry "MEX"]
[WhiteElo "1671"]
[WhiteRD "58"]
[BlackElo "1376"]
[BlackRD "56"]
[GameID "296774"]

1. d4 d5 2. c4 dxc4 3. Nf3 Nf6 4. e3 e6 5. Bxc4 Nc6 6. O-O Bd6 7. Nc3 O-O 8. b3 Na5 9. Be2 Bb4 10. Bb2 b6
11. a3 Bxc3 12. Bxc3 Qd5 13. b4 Nc4 14. Nd2 b5 15. Bf3 Ne4 16. Bxe4 Qd6 17. Nxc4 bxc4 18. Bxa8 Bd7 19. Bf3 Bc6 20. Bxc6 Qxc6
21. Qf3
1-0

[Event "A fairly brisk Knock Out"]
[Site "SchemingMind.com"]
[Date "2011.11.11"]
[Round "-"]
[White "san_pendal"]
[Black "Gilligan"]
[Result "1-0"]
[WhiteCountry "IND"]
[BlackCountry "USA"]
[WhiteElo "1567"]
[WhiteRD "112"]
[BlackElo "1497"]
[BlackRD "78"]
[GameID "296779"]

1. e4 e5 2. d4 f6 3. f4 Bd6 4. fxe5 fxe5 5. dxe5 Bxe5 6. Qh5+ Kf8 7. Qxe5 Qe7 8. Bf4 d6 9. Qxe7+ Nxe7 10. Bc4 Ng6
11. Ne2 Ke7 12. O-O Bg4 13. Bg5+ Ke8 14. Bf7+ Kd7 15. Nf4 Ne5 16. Nc3 Nxf7 17. Ncd5 Nxg5 18. h3 Be6 19. c4 Na6 20. Nxe6 Kxe6
21. b4 Rac8 22. b5 Nc5 23. a4 Ngxe4 24. Rae1 Kd7 25. Rf7+ Kd8 26. Rxg7 c6 27. Nb4 Re8 28. Rxh7 Nxa4 29. Rxb7 cxb5 30. cxb5 Nac3
31. Rxa7 Nxb5 32. Rh7 Rc7 33. Rh4 Nbc3 34. Ra1 Ne2+ 35. Kh2 Rg7 36. Ra8+ Kd7 37. Ra7+ Kd8 38. Rxg7 N2c3 39. Ra7 Nb5 40. Ra8+ Kd7
41. Rxe8 Kxe8 42. Rxe4+ Kd7 43. g4 Nc7 44. h4 Ne6 45. g5 Ke7 46. Kh3 Kf7 47. Nd5 Nxg5+ 48. hxg5 Kg6 49. Kg4 Kg7 50. Re7+ Kf8
51. Kf5 Kg8 52. Kf6 Kf8 53. g6 Kg8 54. Rf7 Kh8 55. Rf8#
1-0

[Event "A fairly brisk Knock Out"]
[Site "SchemingMind.com"]
[Date "2011.11.11"]
[Round "-"]
[White "maro"]
[Black "mmccaffe"]
[Result "0-1"]
[WhiteCountry "MEX"]
[BlackCountry "USA"]
[WhiteElo "1376"]
[WhiteRD "56"]
[BlackElo "1671"]
[BlackRD "58"]
[GameID "296782"]

1. e4 c6 2. d4 d5 3. e5 Bf5 4. Na3 e6 5. b3 c5 6. Nf3 h6 7. Bd3 Bxd3 8. Qxd3 Nc6 9. O-O a6 10. c3 c4
11. bxc4 Nge7 12. c5 b6 13. cxb6 Qxb6 14. Rb1 Qa5 15. c4 Ng6 16. c5 Be7 17. Rb3 O-O 18. Bd2 Qc7 19. Re1 Rfb8 20. Reb1 Rxb3
21. Rxb3 Ngxe5 22. Nxe5 Nxe5
0-1

[Event "A fairly brisk Knock Out"]
[Site "SchemingMind.com"]
[Date "2011.11.11"]
[Round "-"]
[White "Gilligan"]
[Black "san_pendal"]
[Result "1-0"]
[WhiteCountry "USA"]
[BlackCountry "IND"]
[WhiteElo "1500"]
[WhiteRD "78"]
[BlackElo "1476"]
[BlackRD "115"]
[GameID "296787"]

1. e4 e6 2. d4 d5 3. e5 f6 4. Nf3 Nc6 5. c3 fxe5 6. dxe5 h6 7. Bb5 Bd7 8. Qd3 Nge7 9. O-O Nb8 10. Nbd2 a6
11. Bxd7+ Qxd7 12. Nb3 Qb5 13. Qc2 Nbc6 14. Nbd4 Nxd4 15. cxd4 O-O-O 16. a4 Qc4 17. Qd2 Nc6 18. Qe3 Be7 19. b3 Qb4 20. Bd2 Qb6
21. Rfc1 g5 22. Qd3 Bb4 23. Be3 g4 24. Nh4 Be7 25. Ng6 Rhe8 26. Rd1 Nb4 27. Nxe7+ Rxe7 28. Qg6 Nc2 29. Qxc2 h5 30. Bg5 Rde8
31. Bxe7 Rxe7 32. Qc3 h4 33. b4 c6 34. b5 axb5 35. axb5 Qxb5 36. Rdb1 Qc4 37. Ra8+ Kd7 38. Rxb7#
1-0

[Event "A fairly brisk Knock Out"]
[Site "SchemingMind.com"]
[Date "2011.11.12"]
[Round "-"]
[White "spoke"]
[Black "Holty"]
[Result "1-0"]
[WhiteCountry "GER"]
[BlackCountry "ENG"]
[WhiteElo "1717"]
[WhiteRD "73"]
[BlackElo "1700"]
[BlackRD "78"]
[GameID "296835"]

1. e4 e5 2. Nf3 Nf6 3. Nc3 Nc6 4. Bb5 Nd4 5. Ba4 Bc5 6. O-O O-O 7. d3 d6 8. Nxd4 Bxd4 9. Be3 Bxe3 10. fxe3 c6
11. Qe1 Qb6 12. Bb3 Qc7 13. d4 Qe7 14. Qh4 Qd8 15. Rf2 Qd7 16. Raf1 Qg4 17. Qxg4 Bxg4 18. h3 Bd7 19. Rf3 b5 20. a3 a5
21. Ne2 Be6 22. Bxe6 fxe6 23. Ng3 c5 24. c3 Rf7 25. dxe5 dxe5 26. Rd1 Ne8 27. Rxf7 Kxf7 28. Rd7+ Kf6 29. Nh5+ Kg6 30. g4 h6
31. Re7 Kh7 32. Rxe6 Nf6 33. Nxf6+ gxf6 34. Rxf6 Rd8 35. Kg2 Rd2+ 36. Rf2 Rd3 37. Kf3 b4 38. axb4 axb4 39. c4 Kg6 40. h4 Rd6
41. Ke2 Re6 42. Rf5 Ra6 43. Rxe5 Ra2 44. Rxc5 Rxb2+ 45. Kf3
1-0

[Event "A fairly brisk Knock Out"]
[Site "SchemingMind.com"]
[Date "2011.11.12"]
[Round "-"]
[White "Holty"]
[Black "spoke"]
[Result "1-0"]
[WhiteCountry "ENG"]
[BlackCountry "GER"]
[WhiteElo "1700"]
[WhiteRD "78"]
[BlackElo "1717"]
[BlackRD "73"]
[GameID "296844"]

1. d4 Nf6 2. Nf3 c5 3. c3 d5 4. Bg5 e6 5. Nbd2 cxd4 6. cxd4 Be7 7. e3 O-O 8. Bd3 b6 9. Qc2 Ba6 10. O-O Ne4
11. Bxe7 Qxe7 12. Nxe4 Bxd3 13. Qxd3 dxe4 14. Qxe4 Nd7 15. Rac1 Rac8 16. a3 Nf6 17. Qd3 Rc7 18. Rc2 Rfc8 19. Rfc1 h6 20. Ne5 Rxc2
21. Rxc2 Rxc2 22. Qxc2 Nd5 23. Qc8+ Qf8 24. Qa6 f6 25. Nc6
1-0

[Event "A fairly brisk Knock Out"]
[Site "SchemingMind.com"]
[Date "2011.11.18"]
[Round "-"]
[White "eun77"]
[Black "Michal Drus"]
[Result "0-1"]
[WhiteCountry "ISR"]
[BlackCountry "POL"]
[WhiteElo "1452"]
[WhiteRD "122"]
[BlackElo "1614"]
[BlackRD "59"]
[GameID "296870"]

1. d4 d5 2. e3 Nf6 3. h3 Bf5 4. Bd3 Bxd3 5. Qxd3 e6 6. Nf3 Be7 7. a3 O-O 8. O-O c5 9. dxc5 a5 10. a4 Bxc5
11. c3 Nc6 12. b3 Qe7 13. Ba3 Ne4 14. Bxc5 Nxc5 15. Qc2 e5 16. Nbd2 e4 17. Nd4 Nxd4 18. cxd4 Nd3 19. f4 Rac8 20. Qd1 Qb4
21. Ra2 Rc6 22. Rc2 Rfc8
0-1

[Event "A fairly brisk Knock Out"]
[Site "SchemingMind.com"]
[Date "2011.11.18"]
[Round "-"]
[White "Michal Drus"]
[Black "eun77"]
[Result "1-0"]
[WhiteCountry "POL"]
[BlackCountry "ISR"]
[WhiteElo "1614"]
[WhiteRD "59"]
[BlackElo "1452"]
[BlackRD "122"]
[GameID "296875"]

1. e4 d5 2. exd5 Qxd5 3. Nc3 Qd8 4. d4 h6 5. Nf3 Nf6 6. Bd3 e6 7. O-O a6 8. Ne5 Nbd7 9. Qe2 Bd6 10. Re1 Nh7
11. Qg4 Bxe5 12. dxe5 g5 13. b3 Ndf8 14. Rd1 Qe7 15. Qh3 Bd7 16. Qxh6 O-O-O 17. Qg7 Qb4 18. Bb2 Ng6 19. Bxg6 fxg6 20. Rxd7 Rxd7
21. Qxh8+
1-0

[Event "A fairly brisk Knock Out"]
[Site "SchemingMind.com"]
[Date "2011.11.15"]
[Round "-"]
[White "Black Five"]
[Black "emvarela"]
[Result "1-0"]
[WhiteCountry "WLS"]
[BlackCountry "ARG"]
[WhiteElo "1794"]
[WhiteRD "103"]
[BlackElo "1787"]
[BlackRD "47"]
[GameID "296919"]

1. d4 Nf6 2. c4 e6 3. Nf3 Bb4+ 4. Bd2 Bxd2+ 5. Nbxd2 O-O 6. e4 d5 7. e5 Nh5 8. c5 Bd7 9. Qb3 b6 10. Rc1 f6
11. g3 fxe5 12. Nxe5 Qf6 13. Ndf3 Nc6 14. Qe3 Nxe5 15. Nxe5 Bc8 16. Bb5 a5 17. O-O bxc5 18. Rxc5 Qe7 19. Rfc1 Ba6 20. Bxa6 Rxa6
21. Qe2 Nf6 22. Qxa6
1-0

[Event "A fairly brisk Knock Out"]
[Site "SchemingMind.com"]
[Date "2011.11.14"]
[Round "-"]
[White "Admazur"]
[Black "kenneth m day"]
[Result "0-1"]
[WhiteCountry "POL"]
[BlackCountry "USA"]
[WhiteElo "1523"]
[WhiteRD "130"]
[BlackElo "1872"]
[BlackRD "55"]
[GameID "296921"]

1. e4 e6 2. Nf3 c5 3. Nc3 Nc6 4. Bc4 Nf6 5. O-O d6 6. d4 cxd4 7. Nxd4 Be7 8. Re1 a6 9. Nxc6 bxc6 10. Be3 O-O
11. h3 Rb8 12. b4 Rxb4 13. Qd3 a5 14. a3 Rb8 15. a4 d5 16. exd5 cxd5 17. Bb5 Bb4 18. Red1 Qc7 19. Qd4 Bxc3 20. Qc5 Qxc5
21. Bxc5 Bxa1 22. Bd6 Be5 23. Bxe5 Rb7 24. Bxf6 gxf6 25. Ba6 Rc7 26. Bxc8 Rfxc8 27. Rc1 Rxc2 28. Rxc2 Rxc2 29. Kh2 Rxf2 30. Kg3 Rf1
31. h4 d4 32. Kh3 d3 33. g4 d2 34. g5 d1=Q
0-1

[Event "A fairly brisk Knock Out"]
[Site "SchemingMind.com"]
[Date "2011.11.15"]
[Round "-"]
[White "emvarela"]
[Black "Black Five"]
[Result "1/2-1/2"]
[WhiteCountry "ARG"]
[BlackCountry "WLS"]
[WhiteElo "1797"]
[WhiteRD "49"]
[BlackElo "1791"]
[BlackRD "100"]
[GameID "296923"]

1. e4 c5 2. Nf3 d6 3. d4 cxd4 4. Nxd4 Nf6 5. Nc3 g6 6. Be3 Bg7 7. f3 Nc6 8. Qd2 Nxd4 9. Bxd4 O-O 10. O-O-O Qa5
11. Bc4 Be6 12. Bxe6 fxe6 13. Kb1 Nh5 14. Bxg7 Nxg7 15. Ne2 Qxd2 16. Rxd2 e5 17. Nc3 Nh5 18. Nd5 Rf7 19. c4 Rc8 20. b3 Nf4
21. Nxf4 exf4 22. Rhd1 Rc5 23. Rd5 Rxd5 24. Rxd5 b6 25. Kc2 Rf8 26. Kd3 Rc8 27. e5 Rc5 28. Rxc5 dxc5 29. Ke4 e6 30. Kxf4 Kg7
31. g4 Kh6 32. h4 Kg7 33. Ke4 h6 34. f4 Kf7 35. f5 g5 36. hxg5 hxg5 37. f6 a5 38. a3 Kf8 39. Kd3 Kf7 40. Kc3 Kf8
41. b4 a4 42. bxc5=
1/2-1/2

[Event "A fairly brisk Knock Out"]
[Site "SchemingMind.com"]
[Date "2011.11.14"]
[Round "-"]
[White "kenneth m day"]
[Black "Admazur"]
[Result "1-0"]
[WhiteCountry "USA"]
[BlackCountry "POL"]
[WhiteElo "1872"]
[WhiteRD "55"]
[BlackElo "1523"]
[BlackRD "130"]
[GameID "296925"]

1. e4 e5 2. Nf3 Nc6 3. c3 Nf6 4. d4 exd4 5. e5 Nd5 6. Qb3 Bc5 7. Qxd5 d6 8. Bg5 Qd7 9. Bb5 O-O 10. O-O h6
11. Bh4 dxc3 12. Nxc3 Qg4 13. Bg3 Qe6 14. Qe4 Qf5 15. exd6 Qxe4 16. Nxe4 cxd6 17. Bxd6 Bxd6 18. Nxd6 Bg4 19. Bxc6 bxc6 20. Ne5 Be2
21. Rfe1 Bh5 22. g4 Bg6 23. Nxg6 fxg6 24. Rac1 Rf6 25. Re8+ Rxe8 26. Nxe8 Re6 27. Nc7 Re7 28. Rxc6 Re1+ 29. Kg2 Re2 30. Ra6 Rxb2
31. Rxa7 Kh7 32. a4 Rb4 33. Kg3
1-0

[Event "A fairly brisk Knock Out"]
[Site "SchemingMind.com"]
[Date "2011.12.31"]
[Round "-"]
[White "Michal Drus"]
[Black "mochiron"]
[Result "1-0"]
[WhiteCountry "POL"]
[BlackCountry "JPN"]
[WhiteElo "1661"]
[WhiteRD "60"]
[BlackElo "1570"]
[BlackRD "75"]
[GameID "299847"]

1. e4 c6 2. d4 d5 3. Nc3 dxe4 4. Nxe4 e6 5. Bf4 Be7 6. a3 Nf6 7. Ng5 Bd7 8. Qd2 Nd5 9. N1f3 Nxf4 10. Qxf4 Bxg5
11. Nxg5 f6 12. Ne4 O-O 13. Bd3 e5 14. dxe5 fxe5 15. Bc4+ Kh8 16. Qxe5 Rf5 17. Qg3 Qe7 18. Bd3 Na6 19. O-O-O Raf8 20. Nd6 Qg5+
21. Kb1 Qxg3 22. hxg3 R5f6 23. Nxb7 Nc7 24. Bxh7 Be6 25. Nc5 Rxf2 26. Nxe6 Nxe6 27. Bf5+ Kg8 28. Bxe6+ R8f7 29. Bxf7+ Rxf7 30. Rd8+ Rf8
31. Rh8+ Kxh8 32. Rxf8+ Kh7 33. Kc1
1-0

[Event "A fairly brisk Knock Out"]
[Site "SchemingMind.com"]
[Date "2012.01.02"]
[Round "-"]
[White "Clive Everill"]
[Black "mmccaffe"]
[Result "0-1"]
[WhiteCountry "CZE"]
[BlackCountry "USA"]
[WhiteElo "1733"]
[WhiteRD "52"]
[BlackElo "1666"]
[BlackRD "60"]
[GameID "300292"]

1. e4 e5 2. Nc3 Nc6 3. g3 Nf6 4. Bg2 g6 5. Nge2 Bg7 6. O-O O-O 7. d3 d6 8. f4 b6 9. d4 exd4 10. Nxd4 Nxd4
11. Qxd4 Bb7 12. Qd1 Qd7 13. Bd2 a6 14. Re1 Qg4 15. e5 Bxg2 16. exf6 Bf3 17. Re2 Bxe2 18. Qxe2 Qxe2 19. Nxe2 Bxf6 20. c3 Rfe8
21. Kf2 Re7 22. Re1 Rae8 23. b3 c6 24. c4 b5 25. cxb5 cxb5 26. Bb4 Re6 27. a4 bxa4 28. bxa4 Re4 29. Bxd6 Bc3 30. Nxc3 Rxe1
31. Bb4 R1e6 32. h4 Rb6 33. Ba5 Rb3 34. Nd1 Ra3 35. Bb6 Rxa4 36. Nc3 Ra3 37. Nd5 Rb8 38. Nf6+ Kg7 39. Bd4 Ra2+ 40. Kf3 Rb3+
41. Kg4 h5+ 42. Nxh5+ Kh6 43. Nf6 Rg2 44. Ng8+ Kh7 45. Nf6+ Kg7 46. Ne4+ Kf8 47. Bc5+ Ke8 48. Nf6+ Kd8 49. Ne4 f5+
0-1

[Event "A fairly brisk Knock Out"]
[Site "SchemingMind.com"]
[Date "2012.01.02"]
[Round "-"]
[White "mmccaffe"]
[Black "Clive Everill"]
[Result "0-1"]
[WhiteCountry "USA"]
[BlackCountry "CZE"]
[WhiteElo "1666"]
[WhiteRD "60"]
[BlackElo "1733"]
[BlackRD "52"]
[GameID "300299"]

1. c4 c5 2. Nf3 Nf6 3. Nc3 e6 4. g3 a6 5. Bg2 Qc7 6. O-O Be7 7. b3 O-O 8. Bb2 d6 9. d4 cxd4 10. Nxd4 Re8
11. e4 e5 12. Nde2 Nc6 13. Nd5 Qd8 14. Nxe7+ Nxe7 15. Nc3 Bg4 16. f3 Qb6+ 17. Kh1 Be6 18. Nd5 Nfxd5 19. cxd5 Bd7 20. Rc1 Rec8
21. Qd2 Ng6 22. Rc3 Rxc3 23. Qxc3 Rc8 24. Qd2 Bb5 25. Rc1 Rxc1+ 26. Qxc1 h6 27. f4 exf4 28. gxf4 Qf2 29. e5 Nxf4 30. Be4 g6
31. exd6 Bf1 32. Qc2 Bg2+
0-1

[Event "A fairly brisk Knock Out"]
[Site "SchemingMind.com"]
[Date "2012.01.11"]
[Round "-"]
[White "kenneth m day"]
[Black "spoke"]
[Result "1/2-1/2"]
[WhiteCountry "USA"]
[BlackCountry "GER"]
[WhiteElo "1866"]
[WhiteRD "52"]
[BlackElo "1753"]
[BlackRD "76"]
[GameID "301131"]

1. e4 e5 2. Nf3 Nc6 3. c3 Nf6 4. d4 Nxe4 5. d5 Nb8 6. Nxe5 Bc5 7. Nd3 O-O 8. Nxc5 Nxc5 9. Be3 b6 10. Be2 d6
11. O-O Nbd7 12. Bd4 Bb7 13. c4 c6 14. Nc3 cxd5 15. Nxd5 Bxd5 16. cxd5 Nf6 17. Bf3 Rc8 18. Rc1 a5 19. Re1 Re8 20. Qd2 Nce4
21. Qd3 Rxc1 22. Rxc1 Nc5 23. Bxc5 dxc5 24. Rd1 Qd6=
1/2-1/2

[Event "A fairly brisk Knock Out"]
[Site "SchemingMind.com"]
[Date "2012.01.11"]
[Round "-"]
[White "spoke"]
[Black "kenneth m day"]
[Result "0-1"]
[WhiteCountry "GER"]
[BlackCountry "USA"]
[WhiteElo "1753"]
[WhiteRD "76"]
[BlackElo "1866"]
[BlackRD "52"]
[GameID "301132"]

1. e4 e6 2. d4 d5 3. Nc3 Nf6 4. Bg5 Be7 5. e5 Nfd7 6. h4 f6 7. exf6 Nxf6 8. Bd3 c5 9. dxc5 Bxc5 10. Nf3 Nc6
11. Qe2 O-O 12. O-O-O a6 13. Ne5 Qc7 14. Bxf6 Rxf6 15. Nxc6 bxc6 16. Rdf1 e5 17. f3 Bd4 18. Nd1 c5 19. c3 c4 20. Bxh7+ Kxh7
21. cxd4 exd4 22. g4 Bd7 23. Qd2 Qb6 24. Qg5 Qd6 25. Re1 Re8 26. Rxe8 Bxe8 27. Re1 Bf7
0-1

[Event "A fairly brisk Knock Out"]
[Site "SchemingMind.com"]
[Date "2012.01.24"]
[Round "-"]
[White "Gilligan"]
[Black "Black Five"]
[Result "1/2-1/2"]
[WhiteCountry "USA"]
[BlackCountry "WLS"]
[WhiteElo "1534"]
[WhiteRD "84"]
[BlackElo "1785"]
[BlackRD "105"]
[GameID "302072"]

1. e4 c5 2. Nf3 d6 3. Bc4 Nf6 4. d3 e6 5. O-O Be7 6. c3 O-O 7. Be3 Qc7 8. Nbd2 b6 9. Rc1 Bb7 10. a3 Nbd7
11. Bb3 Qd8 12. d4 Nxe4 13. Bc2 Ndf6 14. Ne1 Rc8 15. f3 Nxd2 16. Qxd2 c4 17. Bb1 Qc7 18. Nc2 d5 19. Ba2 Bd6 20. g3 h6
21. Bb1 Bc6 22. Ne1 Ba4 23. Ng2 Qb7 24. f4 Rfe8 25. Qf2 Ng4 26. Qe2 Nxe3 27. Nxe3 f5 28. Ng2 Qf7 29. Kf2 Rf8 30. Rh1 Be7
31. Rcg1 Be8 32. Ne3 g5 33. Ke1 g4 34. h3 h5 35. hxg4 hxg4 36. Rh6 Bf6 37. Rgh1 Bg7 38. Rh7 Qf6 39. Bxf5 Bg6 40. Nxd5 exd5
41. Bxg6 Qxg6 42. Qh2 Qb1+ 43. Kd2 Qxb2+ 44. Kd1 Qb1+ 45. Kd2=
1/2-1/2

[Event "A fairly brisk Knock Out"]
[Site "SchemingMind.com"]
[Date "2012.01.24"]
[Round "-"]
[White "Black Five"]
[Black "Gilligan"]
[Result "1-0"]
[WhiteCountry "WLS"]
[BlackCountry "USA"]
[WhiteElo "1785"]
[WhiteRD "105"]
[BlackElo "1534"]
[BlackRD "84"]
[GameID "302076"]

1. d4 d5 2. c4 Nf6 3. cxd5 Qxd5 4. Nc3 Qd8 5. Nf3 Bf5 6. Bg5 Nbd7 7. e3 e6 8. Qb3 Rb8 9. Be2 Be7 10. O-O O-O
11. Rfd1 h6 12. Bh4 b6 13. Rac1 c5 14. Ne5 Rc8 15. a3 Nd5 16. Bxe7 Qxe7 17. Nxd5 exd5 18. Qxd5 Be6 19. Qe4 Nf6 20. Qh4 Rfe8
21. Bb5 Bd7 22. Nxd7 Nxd7 23. Qg4 Red8 24. dxc5 Nxc5 25. Rxd8+ Rxd8 26. Rd1 Rxd1+ 27. Qxd1 a6 28. Be2 b5 29. Qc2 g6 30. h3 Qd6
31. Qd1 Qxd1+ 32. Bxd1 Ne4 33. Kf1 Kg7 34. Ke2 h5 35. f3 Ng3+ 36. Kd3 f5 37. Kd4 Nf1 38. Be2 Nh2 39. Kc5 Kf7 40. Kb6 Ke6
41. Kxa6
1-0

[Event "A fairly brisk Knock Out"]
[Site "SchemingMind.com"]
[Date "2012.01.31"]
[Round "-"]
[White "Michal Drus"]
[Black "mmccaffe"]
[Result "1-0"]
[WhiteCountry "POL"]
[BlackCountry "USA"]
[WhiteElo "1625"]
[WhiteRD "61"]
[BlackElo "1696"]
[BlackRD "62"]
[GameID "302313"]

1. e4 c5 2. Nf3 d6 3. d4 cxd4 4. Nxd4 Nf6 5. Bb5+ Bd7 6. Bg5 Qa5+ 7. Nc3 Nxe4 8. Bxd7+ Nxd7 9. Bd2 Nxd2 10. Qxd2 g6
11. O-O-O Bg7 12. Rhe1 Qd8 13. Nd5 e6 14. Rxe6+ fxe6 15. Nf4 Bxd4 16. Qxd4 Qf6 17. Qxd6 Rc8 18. Qxd7+ Kf8 19. Nxe6+
1-0

[Event "A fairly brisk Knock Out"]
[Site "SchemingMind.com"]
[Date "2012.01.29"]
[Round "-"]
[White "mmccaffe"]
[Black "Michal Drus"]
[Result "1-0"]
[WhiteCountry "USA"]
[BlackCountry "POL"]
[WhiteElo "1696"]
[WhiteRD "62"]
[BlackElo "1625"]
[BlackRD "61"]
[GameID "302316"]

1. c4 c6 2. d4 b5 3. e3 d5 4. cxb5 e6 5. bxc6 Qa5+ 6. Bd2 Bb4 7. Nc3 Nxc6 8. a3 Bxc3 9. Bxc3 Qb6 10. Nf3 Ba6
11. Bd3 Bxd3 12. Qxd3 Nf6 13. Nd2 O-O 14. O-O a5 15. Rfc1 Rfc8 16. Rab1 h6 17. f3 a4 18. Rf1 Ne7 19. e4 e5 20. Kh1 exd4
21. Bxd4 Qd6 22. e5 Qe6 23. exf6 gxf6 24. Rbe1 Qd7 25. Bxf6 Re8 26. Bxe7 Rxe7 27. Rxe7 Qxe7 28. Rc1 Qe5 29. Nf1 Qxb2 30. Rc7
1-0

[Event "A fairly brisk Knock Out"]
[Site "SchemingMind.com"]
[Date "2012.03.28"]
[Round "-"]
[White "kenneth m day"]
[Black "Black Five"]
[Result "0-1"]
[WhiteCountry "USA"]
[BlackCountry "WLS"]
[WhiteElo "1836"]
[WhiteRD "57"]
[BlackElo "1845"]
[BlackRD "103"]
[GameID "306818"]

1. e4 c5 2. Nc3 d6 3. f4 g6 4. Nf3 Bg7 5. Bc4 Nf6 6. O-O O-O 7. d3 a6 8. Qe1 b5 9. Bb3 Nc6 10. a3 e6
11. Qh4 Nh5 12. g4 Qxh4 13. Nxh4 Nf6 14. h3 Nd4 15. Be3 Nxb3 16. cxb3 Bb7 17. Rad1 Rfd8 18. a4 b4 19. Ne2 Nd7 20. f5 exf5
21. gxf5 Bxb2 22. fxg6 fxg6 23. Ng2 Bg7 24. Ngf4 Re8 25. Rf2 Re5 26. Ng3 Re7 27. Ng2 Rf8 28. Rdf1 Ree8 29. Bf4 Be5 30. Bxe5 Rxf2
31. Rxf2 Nxe5 32. d4 cxd4 33. Nf4 a5 34. Nd5 Bxd5 35. exd5 Rf8 36. Kg2 Rxf2+ 37. Kxf2 Nd3+ 38. Ke2 Nc5 39. Nf1 Kf7 40. Nd2 Kf6
41. Nc4 Nxb3 42. Nxd6 Ke5 43. Nb5 Kxd5 44. Nc7+ Kc4 45. Ne6 Kc3 46. Nf4 Nc5 47. Nd5+ Kc2
0-1

[Event "A fairly brisk Knock Out"]
[Site "SchemingMind.com"]
[Date "2012.03.28"]
[Round "-"]
[White "Black Five"]
[Black "kenneth m day"]
[Result "1-0"]
[WhiteCountry "WLS"]
[BlackCountry "USA"]
[WhiteElo "1845"]
[WhiteRD "103"]
[BlackElo "1836"]
[BlackRD "57"]
[GameID "306822"]

1. d4 Nf6 2. c4 e6 3. Nc3 Bb4 4. Qb3 c5 5. Nf3 Nc6 6. a3 Bxc3+ 7. Qxc3 O-O 8. Bg5 cxd4 9. Nxd4 Re8 10. e3 e5
11. Nxc6 dxc6 12. Bd3 e4 13. Bc2 Bg4 14. O-O Re6 15. Bd1 Bf5 16. Be2 h6 17. Bf4 Qb6 18. Be5 Rae8 19. c5 Qd8 20. Bd4 Nd5
21. Qd2 Qg5 22. g3 h5 23. h4 Qh6 24. Qd1 Bg4 25. Bxg4 hxg4 26. Kg2 Ne7 27. Rh1 Nf5 28. Bc3 Qh5 29. Qd7 R6e7 30. Qd2 Nh6
31. Rad1 Qf5 32. Qd4 Qf3+ 33. Kg1 f6 34. Qc4+ Nf7 35. Rd2 Kh7 36. Qe2 Qxe2 37. Rxe2 Rd8 38. Rd2 Red7 39. Rxd7 Rxd7 40. Kf1 Rd1+
41. Kg2 Rd5 42. b4 Ne5 43. Bxe5 Rxe5 44. Rd1 Rd5 45. Rxd5 cxd5 46. Kf1 Kg8 47. Ke2 Kf7 48. Kd2 Ke6 49. Kc3 Ke5 50. a4 g6
51. b5 f5 52. a5 Ke6 53. Kd4 b6 54. cxb6 axb6 55. a6
1-0

[Event "A fairly brisk Knock Out"]
[Site "SchemingMind.com"]
[Date "2012.06.14"]
[Round "-"]
[White "Michal Drus"]
[Black "Black Five"]
[Result "1-0"]
[WhiteCountry "POL"]
[BlackCountry "WLS"]
[WhiteElo "1660"]
[WhiteRD "58"]
[BlackElo "1837"]
[BlackRD "99"]
[GameID "312203"]

1. e4 c5 2. Nf3 d6 3. d4 cxd4 4. Nxd4 Nf6 5. Nc3 g6 6. Be3 Bg7 7. f3 Nc6 8. Bd3 Nxd4 9. Bxd4 O-O 10. Qe2 Be6
11. Qf2 b6 12. O-O-O Nh5 13. Rhe1 Rc8 14. Kb1 Bc4 15. f4 Bxd4 16. Qxd4 Bxd3 17. Qxd3 Nxf4 18. Qf3 Ne6 19. e5 Rc4 20. Ne4 Qa8
21. Rxd6 exd6 22. Nf6+ Kh8 23. Qh3 Ng5 24. Qh6 Rf4 25. h4 dxe5 26. hxg5 Rxf6 27. gxf6 Rg8 28. Qxh7+
1-0

[Event "A fairly brisk Knock Out"]
[Site "SchemingMind.com"]
[Date "2012.06.14"]
[Round "-"]
[White "Black Five"]
[Black "Michal Drus"]
[Result "1-0"]
[WhiteCountry "WLS"]
[BlackCountry "POL"]
[WhiteElo "1837"]
[WhiteRD "99"]
[BlackElo "1660"]
[BlackRD "58"]
[GameID "312207"]

1. d4 d5 2. c4 c6 3. Nf3 Qa5+ 4. Bd2 Qb6 5. b3 Na6 6. e3 Bg4 7. Be2 e6 8. O-O Bb4 9. Bxb4 Qxb4 10. a3 Qe7
11. Nc3 O-O-O 12. c5 Nf6 13. Bxa6 Bxf3 14. Qxf3 bxa6 15. Qe2 Qb7 16. Rfb1 Kd7 17. b4 Ke7 18. a4 h5 19. b5 axb5 20. axb5 Ne4
21. Nxe4 dxe4 22. bxc6 Qxc6 23. Rxa7+ Rd7 24. Rxd7+ Qxd7 25. Qb5 Qxb5 26. Rxb5 Kd7 27. Rb7+ Kc6 28. Rxf7 g5 29. Rg7 g4 30. Rg5 Rh6
31. Re5
1-0